| 000 | 00564nam a2200181 i 4500 | ||
|---|---|---|---|
| 001 | 19651 | ||
| 003 | ES-MaACL | ||
| 005 | 20230906152135.0 | ||
| 007 | t| | ||
| 008 | 021007s1953 sp ||||1| spa d | ||
| 100 | 1 |
_aAbelló, Palmira, _d1934- _918079 |
|
| 245 | 1 | 3 |
_aEl milenario de Avicena / _cpor Palmyra Abelló. |
| 260 |
_a[Madrid] : _b[s.n.], _c1953. |
||
| 300 |
_a4 h. : _bil. ; _c34 cm. |
||
| 500 | _aSeparata de: Rev. Consejo General Colegio de Médicos, vol. XV, dcbre. 1953, nº 75. | ||
| 852 |
_aES-MaACL _j1965-F-3 _bR.36781 |
||
| 999 |
_c19651 _d19651 |
||